000 00434nam a2200157 i 4500
001 56865
003 ES-MaACL
005 20230906163446.0
007 t|
008 031014s1914 fr ||||1| fre d
100 1 _aDoazan, Charles G.
_944927
245 1 3 _aLa legislation française sur la petite proprieté /
_cCharles G. Doazan.
260 _aParis :
_bM. Giard,
_c1914.
300 _a304 p. ;
_c26 cm.
852 _aES-MaACL
_jF-9886
999 _c56865
_d56865